000 01017nam a2200241Ia 4500
001 791.430 92-COS co ul (7319)
003 IT-MiSPE
008 171229s9999||||xx |||||||||||||| ||und||
040 _aIT-MiSPE
_cIT-MiSPE
041 _aITALIANO
100 _aCostanzo Costantini
245 0 _aL'ultimo Visconti
250 _a1a ed. (v)
260 _aMilano
_bSugarCo
_c(st.) 1976
300 _a99 p.
_c21 cm
490 _aFatti e misfatti
_v31
500 _aVisconti, Luchino
501 _aEdizioni San Paolo srl - Piazza Soncino, 5 - 20092 CINISELLO BALSAMO (MI) (non commercial uses only) ® Copyright 2018
520 _aTav.
942 _cBK
957 _71
999 _a20511
_bNO
_g Copie: 1
_c352138
_d352138